Season forecasts, climatic change and human health (Record no. 2956)

MARC details
000 -LEADER
fixed length control field 00611nam a22002057a 4500
003 - CONTROL NUMBER IDENTIFIER
control field OSt
005 - DATE AND TIME OF LATEST TRANSACTION
control field 20160203195104.0
008 - FIXED-LENGTH DATA ELEMENTS--GENERAL INFORMATION
fixed length control field 160203b xxu||||| |||| 00| 0 eng d
020 ## - INTERNATIONAL STANDARD BOOK NUMBER
International Standard Book Number 9781402068768
040 ## - CATALOGING SOURCE
Transcribing agency DDC
082 ## - DEWEY DECIMAL CLASSIFICATION NUMBER
Classification number 551.6 SEA 2008
100 ## - MAIN ENTRY--PERSONAL NAME
Personal name edited by Thormson, Madelein; Garcia-Herrera, Richardo; Benson, Martin
9 (RLIN) 6696
245 ## - TITLE STATEMENT
Title Season forecasts, climatic change and human health
260 ## - PUBLICATION, DISTRIBUTION, ETC. (IMPRINT)
Place of publication, distribution, etc. New York; Springer, 2008
300 ## - PHYSICAL DESCRIPTION
Extent x,232p; ill: 24cm
504 ## - BIBLIOGRAPHY, ETC. NOTE
Bibliography, etc Appendix & indices included
650 ## - SUBJECT ADDED ENTRY--TOPICAL TERM
Topical term or geographic name as entry element Climatic change
9 (RLIN) 5850
650 ## - SUBJECT ADDED ENTRY--TOPICAL TERM
Topical term or geographic name as entry element Human health
9 (RLIN) 6697
942 ## - ADDED ENTRY ELEMENTS (KOHA)
Source of classification or shelving scheme Other/Generic Classification Scheme
Koha item type Open Shelf
Holdings
Withdrawn status Lost status Source of classification or shelving scheme Damaged status Not for loan Home library Current library Date acquired Source of acquisition Inventory number Total Checkouts Full call number Barcode Date last seen Koha item type
    Dewey Decimal Classification     MUST Main Library MUST Main Library 03/02/2016   15/39064   551.6 SEA 2008 2016-0075 03/02/2016 Open Shelf
    Dewey Decimal Classification     MUST Main Library MUST Main Library 03/02/2016   15/39065   551.6 SEA 2008 2016-0076 03/02/2016 Open Shelf